LEADER 00833nam a2200217 i 4500 001 000000159641 003 CaOOAMICUS 005 20110408000000.0 008 110408s1906 fr u000 u fre u 013 $a137004 040 $aSeMil$bita 100 1 $aBonnet, Joseph.$0(OLS)http://semarc/name/41929 245 13$aLe pape doit-il être italien? /$cl'Abbé Joseph Bonnet. 260 $aParis :$bLibrairie des Saints-Pères,$c1906. 300 $a16 p. ;$c24 cm. 650 4$aPapato.$0(OLS)http://semarc/subject/786 773 0 $t[Miscellanea.$w()24700 850 $aSeMil 852 $aSeMil$W1$xVenegono$y1$m5A II 14/1 FA$j248111$B111198$CSeMilBibl$Z2$F120839 $8I 996 $6245$aLe pape doit-il être italien?$9(OLS)http://semarc/title/141813 996 $6260$aParis :$bLibrairie des Saints-Pères$9(OLS)http://semarc/publisher/35885 LEADER 00461nab a2200145 i 4500 001 000000281721 003 CaOOAMICUS 005 20180831165206.0 008 180831n xx uu u0 0und r 013 $a34384 040 $aSeMil$bita 245 10$a[vedi periodico]. 500 $a2014/1. 773 0 $tVarese.$d[Varese] : Camera di Commercio Industria, Artigianato e Agricoltura di Varese, copyr. 2014.$w()234122 996 $6245$a[vedi periodico]$9(OLS)http://semarc/title/309439